MARC details
| 000 -CABECERA |
| campo de control de longitud fija |
01885nam a2200361 a 4500 |
| 001 - NÚMERO DE CONTROL |
| campo de control |
000001940 |
| 003 - IDENTIFICADOR DEL NÚMERO DE CONTROL |
| campo de control |
DO-SdBNP |
| 005 - FECHA Y HORA DE LA ÚLTIMA TRANSACCIÓN |
| campo de control |
20250307122517.0 |
| 008 - DATOS DE LONGITUD FIJA--INFORMACIÓN GENERAL |
| campo de control de longitud fija |
090630s1986 dr a 001 0 spa d |
| 040 ## - FUENTE DE LA CATALOGACIÓN |
| Centro catalogador/agencia de origen |
DO-SdBNP |
| Lengua de catalogación |
spa |
| Centro/agencia transcriptor |
BNPHU |
| 049 ## - FONDOS LOCALES (OCLC) |
| Fondos de biblioteca |
BNPD |
| 082 ## - NÚMERO DE LA CLASIFICACIÓN DECIMAL DEWEY |
| Número de clasificación |
332.7097293 |
| Número de documento/Ítem |
Z78m |
| 100 1# - ENTRADA PRINCIPAL--NOMBRE DE PERSONA |
| Nombre de persona |
Zinser, James Edward |
| 9 (RLIN) |
6291 |
| 245 10 - MENCIÓN DE TÍTULO |
| Título |
Mercados financieros y distribución del ingreso / |
| Mención de responsabilidad, etc. |
James Edward Zinser, Claudio González Vega. |
| 260 ## - PUBLICACIÓN, DISTRIBUCIÓN, ETC. |
| Lugar de publicación, distribución, etc. |
Santo Domingo : |
| Nombre del editor, distribuidor, etc. |
CEMYB, |
| Fecha de publicación, distribución, etc. |
1986. |
| 300 ## - DESCRIPCIÓN FÍSICA |
| Extensión |
117 p. : |
| Otras características físicas |
graf. ; |
| Dimensiones |
21 cm. |
| 490 1# - MENCIÓN DE SERIE |
| Mención de serie |
Estudios |
| 500 ## - NOTA GENERAL |
| Nota general |
Incluye índice. |
| 500 ## - NOTA GENERAL |
| Nota general |
Incluye datos biográficos de los autores. |
| 500 ## - NOTA GENERAL |
| Nota general |
Incluye referencias bibliográficas y notas al pie de las páginas. |
| 504 ## - NOTA DE BIBLIOGRAFÍA, ETC. |
| Nota de bibliografía, etc. |
Bibliografía : p. 95 y 117 |
| 505 0# - NOTA DE CONTENIDO CON FORMATO |
| Nota de contenido con formato |
Los mercados financieros y cambiarios regulados y no regulados y la distribución del ingreso en la República Dominicana / |
| Mención de responsabilidad |
James Edward Zinser, Claudio González Vega -- |
| Título |
Mercados financieros no regulados , marco teorico/ |
| Mención de responsabilidad |
James Edward Zinser |
| Título |
El comportamiento de los prestamistas agropecuarios al racionar el crédito : la ley de hierro de las restricciones a las tasas de interes / |
| Mención de responsabilidad |
Claudio González Vega -- |
| Título |
Crédito agropecuario artificialmente barato : redistribución al reves/ |
| Mención de responsabilidad |
Claudio González Vega |
| 590 ## - NOTA LOCAL (RLIN) |
| Nota local |
Inventariado, 2018/MFF |
| 650 #4 - PUNTO DE ACCESO ADICIONAL DE MATERIA--TÉRMINO DE MATERIA |
| Término de materia o nombre geográfico como elemento de entrada |
Instituciones financieras |
| Subdivisión geográfica |
República Dominicana |
| 9 (RLIN) |
6015 |
| 650 #4 - PUNTO DE ACCESO ADICIONAL DE MATERIA--TÉRMINO DE MATERIA |
| Término de materia o nombre geográfico como elemento de entrada |
Mercado de capitales |
| Subdivisión geográfica |
República Dominicana |
| 9 (RLIN) |
6292 |
| 650 #4 - PUNTO DE ACCESO ADICIONAL DE MATERIA--TÉRMINO DE MATERIA |
| Término de materia o nombre geográfico como elemento de entrada |
Distribución del ingreso |
| Subdivisión geográfica |
República Dominicana |
| 9 (RLIN) |
6293 |
| 650 #4 - PUNTO DE ACCESO ADICIONAL DE MATERIA--TÉRMINO DE MATERIA |
| Término de materia o nombre geográfico como elemento de entrada |
Crédito agrícola |
| Subdivisión geográfica |
República Dominicana |
| 9 (RLIN) |
6294 |
| 700 12 - PUNTO DE ACCESO ADICIONAL--NOMBRE DE PERSONA |
| Nombre de persona |
González Vega, Claudio |
| 9 (RLIN) |
6295 |
| 710 ## - PUNTO DE ACCESO ADICIONAL--NOMBRE DE ENTIDAD CORPORATIVA |
| Nombre de entidad corporativa o nombre de jurisdicción como elemento de entrada |
Centro de Estudios Monetarios y Bancarios (República Dominicana) |
| Unidad subordinada |
Centro de Estudios Monetarios y Bancarios |
| 9 (RLIN) |
6296 |
| 830 #0 - PUNTO DE ACCESO ADICIONAL DE SERIE-TÍTULO UNIFORME |
| Título uniforme |
La Palabra |
| 9 (RLIN) |
6297 |
| 910 ## - DATOS DE OPCIÓN DEL USUARIO (OCLC) |
| Datos de opción del usuario |
Validado. Control de calidad. MFF |
| 942 ## - ELEMENTOS DE PUNTO DE ACCESO ADICIONAL (KOHA) |
| Fuente del sistema de clasificación o colocación |
Dewey Decimal Classification |
| Tipo de ítem Koha |
Libro |